Statistics for States with the Most Cases of the British COVID-19 Variant

Click here to take the quiz!

General Stats

  • This quiz has been taken 7 times
  • The average score is 7 of 10

Answer Stats

Answer% Correct
California
100%
Florida
86%
Texas
86%
Georgia
71%
Illinois
71%
New York
71%
Colorado
57%
Michigan
57%
Minnesota
43%
Connecticut
29%

Score Distribution

Percentile by Number Answered

Percent of People with Each Score

Your Score History

You have not taken this quiz